=LDR 00000nam 2200000 4500 =001 INLIS000000000028723 =005 20130612131016 =008 ***********************************Ind** =035 ##$$0010-061300000028723 =041 ##$$a Ind =082 ##$$a 808.87 =090 ##$$a 808.87, Suh h =100 ##$$a Suhadi, M Agus =245 ##$$a Humor itu serius pengantar ilmu humor definis gerrrrrr......rumus : ha + ha = Haaaa, M. Agus Suhadi =260 ##$$a 1989 $b Jakarta =300 ##$$a 170 hlm, ilus, 21 cm =650 ##$$a Humor =850 ##$$a NBPNMAT =990 ##$$a 21400564/BPAP-NTB/2014 =990 ##$$a 21602482/BPAP-NTB/2017